000 00287nam a22001217a 4500
008 181101b xxu||||| |||| 00| 0 eng d
041 _aeng
080 _24th
_a616.12
100 _a7
101 _aKARD
245 _aThe Human Heart A guide to heart disease
_cPhibbs,B
942 _2udc
_cBK
999 _c51424
_d51424